000 00710nam a2200289Ia 4500
005 20260324133055.0
008 008 260324s9999 xx 000 0 eng d
020 _a9781351323246
037 _aEBOOK
040 _aCRL
040 _beng
040 _cCRL
041 _2eng
041 _aeng
084 _qCRL
100 _aMary Ann Meyers
_91191697
245 0 _aArt, Education, and African-American Culture
245 0 _bAlbert Barnes and the Science of Philanthropy
260 _bTaylor and Francis
260 _c2004
365 _a
365 _b170
856 _uhttp://www.taylorfrancis.com/books/9781351323246
942 _cEBOOK
999 _c1790414
_d1790414